Building blocks of the universe

Gespeichert in:
Bibliographische Detailangaben
1. Verfasser: Isaac Asimov
Format: Buch
Sprache:Undetermined
Veröffentlicht: New York Abelard-Schuman 1961
Schlagworte:
Tags: Tag hinzufügen
Keine Tags, Fügen Sie den ersten Tag hinzu!
Thư viện lưu trữ: Trung tâm Học liệu Trường Đại học Cần Thơ
LEADER 00471nam a2200181Ia 4500
001 CTU_2847
008 210402s9999 xx 000 0 und d
082 |a 546 
082 |b A832 
100 |a Isaac Asimov 
245 0 |a Building blocks of the universe 
245 0 |c Isaac Asimov 
260 |a New York 
260 |b Abelard-Schuman 
260 |c 1961 
650 |a chemical elements 
904 |i Minh, 960830 
980 |a Trung tâm Học liệu Trường Đại học Cần Thơ